<?xml version="1.0" encoding="UTF-8"?>
<record
    xmlns:xsi="http://www.w3.org/2001/XMLSchema-instance"
    xsi:schemaLocation="http://www.loc.gov/MARC21/slim http://www.loc.gov/standards/marcxml/schema/MARC21slim.xsd"
    xmlns="http://www.loc.gov/MARC21/slim">

  <leader>03201nam a22001817a 4500</leader>
  <controlfield tag="003">IT-RoPau</controlfield>
  <controlfield tag="005">20220918175937.0</controlfield>
  <controlfield tag="008">121214b        xxu||||| |||| 00| 0 eng d</controlfield>
  <datafield tag="040" ind1=" " ind2=" ">
    <subfield code="c">IT-RoPau</subfield>
  </datafield>
  <datafield tag="100" ind1=" " ind2=" ">
    <subfield code="a">Alberione Giacomo</subfield>
    <subfield code="q">Fondatore Famiglia Paolina</subfield>
    <subfield code="9">19</subfield>
  </datafield>
  <datafield tag="245" ind1=" " ind2=" ">
    <subfield code="a">L' apostolato dell'edizione.</subfield>
    <subfield code="b">Manuale direttivo di formazione e di apostolato</subfield>
  </datafield>
  <datafield tag="250" ind1=" " ind2=" ">
    <subfield code="a">I</subfield>
  </datafield>
  <datafield tag="260" ind1=" " ind2=" ">
    <subfield code="a">Roma</subfield>
    <subfield code="b">Societ&#xE0; San Paolo  Casa Generalizia </subfield>
    <subfield code="c">2000</subfield>
  </datafield>
  <datafield tag="300" ind1=" " ind2=" ">
    <subfield code="a">399 p.</subfield>
    <subfield code="c">21,5 cm</subfield>
  </datafield>
  <datafield tag="490" ind1=" " ind2=" ">
    <subfield code="a">Opera Omnia</subfield>
    <subfield code="v">I</subfield>
  </datafield>
  <datafield tag="520" ind1=" " ind2=" ">
    <subfield code="a">SOMMARIO
Presentazione
Avvertenze
INTRODUZIONE

PARTE PRIMA:
L' APOSTOLATO E L' APOSTOLO

Prima Sezione: L' APOSTOLATO

Capo I: L' EDIZIONE, MEZZO DI APOSTOLATO
Capo II: OGGETTO DELL' APOSTOLATO
Capo III: ORDINE DELL' APOSTOLATO DELL' EDIZIONE
Capo IV: CARATTERE DELL' APOSTOLATO DELL' EDIZIONE
Capo V: LE ESIGENZE DELL' APOSTOLATO DELL' EDIZIONE
Capo VI: IL METODO NELL' APOSTOLATO DELL' EDIZIONE

Seconda Sezione: L' APOSTOLO

Capo I: IL MINISTRO ORDINARIO
Capo II: I RELIGIOSI NELL' APOSTOLATO DELL' EDIZIONE
Capo III: LE NECESSITA' DEI TEMPI
Capo IV: LA PIA SOCIETA' SAN PAOLO
Capo V: I CATTOLICI LAICI NELL' APOSTOLATO 
   DELL' EDIZIONE
Capo VI: LA FORMAZIONE DELL' APOSTOLO
Capo VII: LA S.MESSA DELL' APOSTOLO DELL' EDIZIONE
Capo VIII: LA COMUNIONE
Capo IX: LA MEDITAZIONE
Capo X: VISITA AL SS. SACRAMENTO
Capo XI: ESAME DI COSCIENZA
Capo XII: COME L' APOSTOLO DEVE CONSIDERARE
  MARIA SANTISSIMA
Capo XIII: UNA CARATTERISTICA DELL' APOSTOLO

PARTE SECONDA: GLI APOSTOLI DELLA STAMPA
                              DEL CINEMA E DELLA RADIO

Prima Sezione: L' APOSTOLATO DELLA STAMPA

Capo I: ORIGINE E SVILUPPO DELL' APOSTOLATO
  DELLA STAMPA
Capo II: LA REDAZIONE NELL' APOSTOLATO DELLA 
   STAMPA
Capo III: LE GRANDI E VERITA'
Capo IV: L' ADATTAMENTO AI LETTORI
Capo V: DIO MODELLO DELL' APOSTOLO SCRITTORE
Capo VI: LA SACRA BIBBIA
Capo VII: L' OPERA BIBLICA
Capo VIII: STORIA ECCLESIASTICA
Capo IX: LA SANTISSIMA VERGINE
Capo X: SACRA TEOLOGIA
Capo XI: ASCETICA E MISTICA
Capo XII: LITURGIA
Capo XIII: I SANTI PADRI
Capo XIV: OPERA CATECHISTICA
Capo XV: I PAPI
Capo XVI: AGIOGRAFIA E BIOGRAFIA
Capo XVII: APOLOGIA SACRA
Capo XVIII: IL QUOTIDIANO
Capo XIX: RIVISTE E PERIODICI
Capo XX: BOLLETINO PARROCHIALE
Capo XXI: LETTURE AMENE
Capo XXII: LETTERATURA PER L' INFANZIA
  E PER LA FANCULLEZZA
Capo XXIII: MISSIONOLOGIA
Capo XXIV: I TESTI SCOLASTICI
Capo XXV: GEOGRAFIA
Capo XXVI: RIVISTE BIBLIOGRAFICHE
Capo XXVII/BIS: RECENSIONI
Capo XXVIII: ILLUSTRAZIONI
Capo XXIX: LA TECNICA NELLA STAMPA
Capo XXX: LA PROPAGANDA
Capo XXXI: IL PROPAGANDISTA
Capo XXXII: FORME DI PROPAGANDA
Capo XXXIII: CENTRI DI DIFFUSIONE
Capo XXXIV: BIBLIOTECHE
Capo XXXV: PROPAGANDA A  DOMICILIO
Capo XXXVI: GIORNATA DEL VANGELO
Capo XXXVII: PRATICA DELL' APOSTOLATO- STAMPA
   NELLA PIA SOCIETA' SAN PAOLO
Capo XXXVIII: I PECCATI CAUSATI DALLA STAMPA

Seconda Sezione:
L' APOSTOLATO DEL CINEMATOGRAFO

Capo I: IL CINEMATOGRAFO E L' APOSTOLATO RELIGIOSO
Capo II: CRISTIANIZZARE IL CINEMATOGRAFO
Capo IIII: CREARE UNA CINEMATOGRAFIA CATTOLICA
Capo IV: LA STAMPA E IL CINEMATOGRAFO

Terza Sezione:  L' APOSTOLATO DELLA RADIO

LA RADIO E IL PROBLEMA RELIOGIOSO

Conclusione

APPENDICE
INDICI</subfield>
  </datafield>
  <datafield tag="942" ind1=" " ind2=" ">
    <subfield code="2">ddc</subfield>
    <subfield code="c">BK</subfield>
  </datafield>
  <datafield tag="999" ind1=" " ind2=" ">
    <subfield code="c">37660</subfield>
    <subfield code="d">37660</subfield>
  </datafield>
  <datafield tag="952" ind1=" " ind2=" ">
    <subfield code="0">0</subfield>
    <subfield code="1">0</subfield>
    <subfield code="2">ddc</subfield>
    <subfield code="4">0</subfield>
    <subfield code="6">PA_000000000000000_7</subfield>
    <subfield code="7">1</subfield>
    <subfield code="a">PAULUS</subfield>
    <subfield code="b">PAULUS</subfield>
    <subfield code="d">2012-12-14</subfield>
    <subfield code="l">0</subfield>
    <subfield code="o">PA7</subfield>
    <subfield code="r">2012-12-14 00:00:00</subfield>
    <subfield code="w">2012-12-14</subfield>
    <subfield code="y">BK</subfield>
  </datafield>
</record>
